Longs métrages Disney par personnages #2 - Statistiques

Statistiques générales
  • Ce quiz a été pris 534 fois
  • Le résultat moyen est 14 sur 20
Statistiques - réponses
Personnages Films % Correct
Hans, Sven, Elsa La Reine des neiges
100%
Iago, Tapis, Jasmine Aladdin
99%
Fleur, Panpan, Féline Bambi
94%
Pongo, Nanny, Cruella d'Enfer Les 101 Dalmatiens
93%
Polochon, Ursula, Éric La Petite Sirène
92%
Clopin, Frollo, Esmeralda Le Bossu de Notre-Dame
89%
Philoctète, Pégase, Hadès Hercule
88%
Gus, Javotte, Lucifer Cendrillon
86%
Maui, Te Fiti, Hei Hei Vaiana
83%
LeFou, Gaston, Maurice La Belle et la Bête
79%
Berlioz, Thomas O'Malley, Toulouse Les Aristochats
78%
Felix Fixe Junior, Sa Sucrerie, Vanellope von Schweetz Les Mondes de Ralph
77%
John Smith, Meeko, Grand-mère Feuillage Pocahontas
77%
Clayton, Tantor, Jane Porter Tarzan
71%
Timothée, M. Cigogne, M. Loyal Dumbo
40%
Milo Thatch, Helga Sinclair, Kida Atlantide, l'empire perdu
37%
Namaari, Sisu, Bébé Noï Raya et le Dernier Dragon
32%
Roublard, Tito, Georgette Oliver et Compagnie
18%
Eloïse, Tirelire, Ritournel Taram et le Chaudron magique
13%
Searcher Clade, Ethan Clade, Callisto Mal Avalonia : L'Étrange Voyage
11%
Aucun quiz correspondant
Distribution des résultats
% des personnes avec chaque résultat
Percentile par nombre de réponses
Votre historique - résultats
Vous n’avez pas pris ce quiz